000 01121nam0a22002531 4500
001 rc\4857417
005 20260407204526.0
021 _aRU
_b[68-93262]
035 _a(NLR Aleph) 008902385
090 _a8711284
_c8711284
100 _a20130426d1968 |||y0rusy50 ca
101 0 _arus
102 _aRU
105 _ay z |||||
200 1 _aТезисы докладов
_fМ-во высш. и сред. спец. образования РСФСР. Моск. полигр. ин-т. Студенческое науч. о-во. XXIII науч.-техн. конференция студентов. 8 окт. 1968 г.
210 _aМосква
_cБ. и.
_d1968
215 _a138 с.
_d22
606 _aПолиграфическое производство
_jТезисы докладов
_2psbo
710 0 2 _aМосковский полиграфический институт
_bСтуденческая научно-техническая конференция
_d23
_f1968
_9768932
_3RU\NLR\AUTH\8810136625
801 0 _aRU
_bNLR
_gpsbo
801 1 _aRU
_bELAR
_2rusmarc
852 _aNLR
_j68-5/5537
942 _cBOOK
980 _aNB